Normal view
MARC view
- العداد اليدوية -الكهربائي
Entry Topical Term
001 - CONTROL NUMBER
- control field: 51292
003 - CONTROL NUMBER IDENTIFIER
- control field: JO-AjAnu
005 - DATE AND TIME OF LATEST TRANSACTION
- control field: 20230606082435.0
008 - FIXED-LENGTH DATA ELEMENTS
- fixed length control field: 230606|| aca||aabn | a|a d
040 ## - CATALOGING SOURCE
- Original cataloging agency: JO-AjAnu
- Transcribing agency: JO-AjAnu
150 ## - HEADING--TOPICAL TERM
- Topical term or geographic name entry element: العداد اليدوية -الكهربائي
670 ## - SOURCE DATA FOUND
- Source citation: Work cat.: (JO-AjAnu)26214: درويش، عماد, author 51291, العدد والادوات اليدوية والكهربائية والخردوات المتعلقة بالمهن المختلفة، ج1